Toward a Modern Macroeconomic Model Usable for Policy Analysis

Gespeichert in:
Bibliographische Detailangaben
1. Verfasser: Leeper, Eric M.
Weitere Verfasser: Sims, Christopher A.
Format: Buch
Sprache:Englisch
Veröffentlicht: Atlanta Federal Reserve Bank 1994
Ausgabe:1. ed.
Schriftenreihe:Working Paper 94-5
Schlagworte:
Tags: Tag hinzufügen
Keine Tags, Fügen Sie das erste Tag hinzu!

MARC

LEADER 00000nam a2200000 4500
001 c005410
005 20221221080445.9
041 0 |a eng 
044 |a US 
245 1 0 |a Toward a Modern Macroeconomic Model Usable for Policy Analysis  |c Eric M. Leeper, Christopher A. Sims 
250 |a 1. ed. 
264 1 |a Atlanta  |b Federal Reserve Bank  |c 1994 
300 |a 45 s. 
490 1 |a Working Paper  |v 94-5 
830 0 |a Working Paper  |v 94-5 
610 2 0 |a banky emisné 
610 2 0 |a USA 
610 2 0 |a modely makroekonomické 
610 2 0 |a modely cenové 
610 2 0 |a keynesizmus 
610 2 0 |a politika menová 
610 2 0 |a politika daňová 
610 2 0 |a ceny 
610 2 0 |a zákazníci 
610 2 0 |a firmy 
100 1 |a Leeper, Eric M. 
700 1 |a Sims, Christopher A.